| 000 | 02092nam a2200577 i 4500 | ||
|---|---|---|---|
| 001 | 37135 | ||
| 003 | KOSZ 005 | ||
| 005 | 20240405063118.0 | ||
| 008 | 160919s1999 pl a f f |001 0 pol | ||
| 015 | _aUWD 2016/36523 | ||
| 020 | _a8301122706 | ||
| 035 | _a991050681779705066 | ||
| 035 | _a(PL-WaBN)b52976154-48omnis_nlop | ||
| 035 | _ab52976154 | ||
| 035 | _a(OCoLC)995400819 | ||
| 035 | _azz2002953970 | ||
| 035 | _a(PL)b0000005297615 | ||
| 035 | _a(EXLNZ-48OMNIS_NETWORK)9910132301505606 | ||
| 040 |
_aWA N _cWA N _dWA N _dKOSZ 005/HR |
||
| 046 | _k1999 | ||
| 080 | _a(075.8) | ||
| 080 | _a061.1 | ||
| 080 | _a339.923(4-67) | ||
| 245 | 0 | 0 |
_aUnia Europejska : _bpodręcznik akademicki / _cLucjan Ciamaga, Ewa Latoszek, Krystyna Michałowska-Gorywoda, Leokadia Oręziak, Eufemia Teichmann ; [red. nauk. Krystyna Michałowska-Gorywoda]. |
| 250 | _aWyd. 1., dodr. 4. | ||
| 260 |
_aWarszawa : _bWydawnictwo Naukowe PWN, _c1999. |
||
| 300 |
_a486, [2] s. : _bil. ; _c24 cm. |
||
| 336 |
_aTekst _btxt _2rdacontent |
||
| 337 |
_aBez urządzenia pośredniczącego _bn _2rdamedia |
||
| 338 |
_aWolumin _bnc _2rdacarrier |
||
| 380 | _aKsiążki | ||
| 388 | _a1901-2000 | ||
| 388 | _a1989-2000 | ||
| 504 | _aBibliogr. s. 472-479. Indeks. | ||
| 610 | 2 | 7 |
_aUnia Europejska (UE) _2DBN |
| 648 | 7 |
_a1901-2000 _2DBN |
|
| 648 | 7 |
_a1989-2000 _2DBN |
|
| 650 | 7 |
_aIntegracja europejska _2DBN |
|
| 655 | 7 |
_aPodręczniki akademickie _2DBN |
|
| 658 | _aPolityka, politologia, administracja publiczna | ||
| 700 | 1 |
_aCiamaga, Lucjan _d(1929-2022) _eAutor |
|
| 700 | 1 |
_aLatoszek, Ewa _d(1954- ) _eAutor |
|
| 700 | 1 |
_aMichałowska-Gorywoda, Krystyna _d(1942- ) _eAutor _eRedakcja |
|
| 700 | 1 |
_aOręziak, Leokadia _d(1954- ) _eAutor |
|
| 700 | 1 |
_aTeichmann, Eufemia _d(1939- ) _eAutor |
|
| 710 | 2 |
_aWydawnictwo Naukowe PWN _4pbl |
|
| 856 |
_uhttp://koha.tu.koszalin.pl/cgi-bin/koha/opac-detail.pl?biblionumber=37135 _yKatalog online BPK |
||
| 942 |
_2UKD _cKS |
||
| 999 |
_c37135 _d37135 |
||